Statistiques concernant Pays d'origine des touristes au Japon

Cliquez ici pour prendre le quiz!

Statistiques générales

  • Ce quiz a été pris 233 fois
  • Le résultat moyen est 13 sur 15

Statistiques - réponses

Nombre de visiteurs (2015)Pays d'origine% Correct
214 300France
100%
6 517 981Chine (+ Hong Kong)
99%
1 033 258Etats-Unis
98%
4 002 095Corée du Sud
96%
258 488Royaume-Uni
94%
162 580Allemagne
92%
376 075Australie
90%
231 390Canada
90%
103 198Italie
87%
205 083Indonésie
84%
796 731Thaïlande
83%
185 395Viêt Nam
81%
3 677 075Taïwan
76%
305 447Malaisie
69%
308 783Singapour
61%

Distribution des résultats

Percentile par nombre de réponses

% des personnes avec chaque résultat

Votre développement - résultats

Vous n’avez pas pris ce quiz